Cities Named After People - Statistics

General Stats
  • This quiz has been taken 209 times
  • The average score is 15 of 19
Answer Stats
City ...named after Country of that city % Correct
Alexandria Alexander the Great Egypt
98%
Athens Athena Greece
97%
Rome Romulus Italy
97%
St.Petersburg Peter the Great Russia
96%
Sao Paulo Saint Paul Brazil
95%
Georgetown King George III of the United Kingdom Guyana
89%
Nashville Francis Nash United States
89%
San Francisco Saint Francis United States
87%
Monrovia James Monroe Liberia
86%
Brazzaville Pierre Savorgnan de Brazza Congo
85%
Christchurch Jesus Christ New Zealand
85%
Bucharest Bucur (a legendary shepherd) Romania
83%
Port Moresby Admiral Sir Fairfax Moresby Papua New Guinea
83%
Santo Domingo Saint Dominic Dominican Republic
78%
Port Louis Louis XV of France Mauritius
60%
Lisbon Ulysses Portugal
57%
Yekaterinburg Saint Catherine of Alexandria and Catherine I of Russia Russia
52%
Charleroi Charles II of Spain Belgium
46%
Lviv Leo I of Halych Ukraine
34%
No matching quizzes found
Score Distribution
Percent of People with Each Score
Percentile by Number Answered
Your Score History
You have not taken this quiz